Music Quiz

Random Music or Song Quiz

Song Title Overlaps III Quiz Stats

Quiz Updated Jan 17, 2017

Challenge
Share
Tweet
Embed
Score 0/24 Timer 04:00
13 Plays Today
Song Title 1 Overlapping Word % Correct
Fool's...Gold
95.1%
U Can't Touch...This
95%
Stupid...Girls
93.7%
How Far We've...Come
93.7%
Cry Me a...River
92.8%
Achy Breaky...Heart
87.5%
Give a Little...More
85.5%
King Size...Papa
85.1%
Voices...Carry
81.5%
How Do I...Live
71.1%
Tell...Mama
68.3%
Beds Are...Burning
63.5%
Song Title 1 Overlapping Word % Correct
Serpentine...Fire
55.8%
He's a...Rebel
47.4%
Oh What a...Dream
46.1%
I Can't Live Without My...Radio
43.2%
Lonely...Teardrops
39.7%
We Are...Family
39.5%
I Need a...Doctor
25.8%
Say It...Right
22.6%
Uncle John's...Band
20.2%
Oliver's...Army
16.8%
Teen Age...Riot
14.7%
Who Are the Brain...Police
11.3%

You're not logged in!

Compare scores with friends on all Sporcle quizzes.
Sign Up with Email
OR
Log In

You Might Also Like...

Show Comments

Extras

Top Quizzes Today


Score Distribution

Your Account Isn't Verified!

In order to create a playlist on Sporcle, you need to verify the email address you used during registration. Go to your Sporcle Settings to finish the process.